Rady a vyznamenania Slovenskej republiky 1939-1945

Salvato in:
Dettagli Bibliografici
Natura: Libro
Lingua:slovacco
Pubblicazione: Trnava Západoslovenské múzeum 1992
Edizione:1. vyd.
Tags: Aggiungi Tag
Nessun Tag, puoi essere il primo ad aggiungerne!!

MARC

LEADER 00000nam a2200000 4500
001 c004962
005 20260120081624.7
020 |a 80-85556-02-2 
041 0 |a slo 
044 |a SK 
245 1 0 |a Rady a vyznamenania Slovenskej republiky 1939-1945 
250 |a 1. vyd. 
264 1 |a Trnava  |b Západoslovenské múzeum  |c 1992 
300 |a 64 s.